Music Quiz

Random Music or Bands Quiz

Finish the Lyric: Titles Quiz Stats

 Plays Quiz Updated Mar 27, 2018

Score 0/20 Timer 07:00
5 Plays Today
Lyrics Song Title % Correct
Hey teacher! Leave them kids alone! All in all it's just...Another Brick in the Wall (Part II)
77.3%
You see I've been through the desert on...A Horse With No Name
72.2%
There's a lady who's sure all that glitters is gold, and she's buying a...Stairway to Heaven
68.3%
Yeah, they was dancin' and singin' and movin' to the groovin', and just when it hit me somebody turned around and shouted...Play That Funky Music
65%
Jesus loves you more than you will know (woah woah woah). God bless you please...Mrs. Robinson
60.9%
No one knows what it's like to be the bad man, to be the sad man...Behind Blue Eyes
58.8%
I have only one burnin' desire, let me stand next to your...Fire
58.3%
My blood runs cold, my memory has just been sold, my angel is the...Centerfold
57.4%
Girl we couldn't get much higher, come on baby...Light My Fire
56.4%
And the man in the back said everyone attack and it turned into a...Ballroom Blitz
49.6%
Lyrics Song Title % Correct
But if this ever-changing world in which we live in makes you give in and cry, say...Live and Let Die
48%
But try to understand, try to understand, try try try to understand, he's a...Magic Man
47.1%
My mind was aching and we were making it and...You Shook Me All Night Long
47.1%
She walked up to me and she asked me to dance, I asked her her name and in a dark brown voice she said...Lola
46.2%
Now it looks as though they're here to stay, oh I believe in...Yesterday
40.6%
Sharif don't like it...Rock the Casbah
36%
Heh, I'd like to meet his tailor. AWOOOOOOOOOOO!...Werewolves of London
32%
Oh no, there goes Tokyo, go, go...Godzilla
27.8%
A gathering of angels appeared above my head, they sang to me this song of hope and this is what they said: they said...Come Sail Away
27.2%
This is our last dance. This is our last dance. This is ourselves...Under Pressure
25%

You're not logged in!

Compare scores with friends on all Sporcle quizzes.
OR
Log In

You Might Also Like...

Show Comments

Extras

Top Quizzes Today


Score Distribution

Your Account Isn't Verified!

In order to create a playlist on Sporcle, you need to verify the email address you used during registration. Go to your Sporcle Settings to finish the process.

Report this User

Report this user for behavior that violates our Community Guidelines.

Details: